000 00321nam a22001337a 4500
008 171017b xxu||||| |||| 00| 0 eng d
020 _a2900073530467
041 _aeng
080 _24TH
_a331.101.262
100 _a52
101 _aBNJ
245 _aFUNDAMENTALS OF HUMAN RESOURCE MANAGEMENT
_cNOE,R.A
942 _2udc
_cBK
999 _c34327
_d34327